[Event "Suizo"]
[Site "?"]
[Date "2016.02.06"]
[Round "?"]
[White "jcferrer"]
[Black "wvelandia"]
[Result "1-0"]
[WhiteElo "1620"]
[BlackElo "1562"]
[PlyCount "89"]
[EventDate "2016.??.??"]

1. e4 Nc6 2. Nf3 Nf6 3. Nc3 e5 4. Bb5 Bb4 5. O-O O-O 6. a3 Bxc3 7. bxc3 Nxe4 8.
Re1 d5 9. d3 Nd6 10. Ba4 b5 11. Bb3 Nf5 12. Bb2 a6 13. d4 exd4 14. cxd4 Nh4 15.
c3 Bg4 16. Qd3 Qf6 17. Nxh4 Qxh4 18. Bc2 g6 19. Re3 Qg5 20. Rg3 Rae8 21. h3 Re6
22. Rxg4 Qh5 23. Rf1 Rd8 24. Bd1 Rde8 25. Re4 Qf5 26. Rxe6 Qxe6 27. Bf3 Na5 28.
Bc1 Kg7 29. Bg4 Qe7 30. Qd2 Kg8 31. Bf3 Nb3 32. Qc2 Na5 33. Bxd5 Qd6 34. Bf3
Nc4 35. Bh6 Nxa3 36. Qc1 Nc4 37. Bf4 Qb6 38. Be5 c5 39. Qh6 f6 40. Bd5+ Kh8 41.
Bg3 cxd4 42. cxd4 Qxd4 43. Bxc4 Qxc4 44. Bf4 b4 45. Bd2 1-0

[Event "Suizo"]
[Site "?"]
[Date "2016.02.06"]
[Round "?"]
[White "maadan"]
[Black "cfalmariov"]
[Result "1-0"]
[WhiteElo "1571"]
[BlackElo "1480"]
[PlyCount "85"]
[EventDate "2016.??.??"]

1. e4 d6 2. Nc3 e5 3. d3 c6 4. Nf3 f6 5. g3 Be7 6. Bg2 Be6 7. O-O b5 8. a4 b4
9. Ne2 g5 10. c3 g4 11. Nh4 h5 12. Ng6 Rh6 13. Bxh6 a5 14. Nxe7 Qxe7 15. Be3 c5
16. d4 Nc6 17. dxc5 dxc5 18. f4 Rd8 19. Qc1 Bc4 20. Re1 Qd6 21. Rd1 Qc7 22.
Rxd8+ Qxd8 23. Bf1 Nge7 24. Bxc5 Bd3 25. fxe5 fxe5 26. Qe1 Bxe4 27. Rd1 Qc7 28.
Bd6 Qb6+ 29. Qf2 Qxf2+ 30. Kxf2 Nf5 31. cxb4 Bc2 32. Rd2 Bxa4 33. bxa5 Nxa5 34.
Bxe5 Nb3 35. Rc2 h4 36. Rc8+ Kd7 37. Rc7+ Kd8 38. Ra7 hxg3+ 39. hxg3 Bc6 40.
Nf4 Bf3 41. Ne6+ Ke8 42. Bb5+ Bc6 43. Bxc6# 1-0

[Event "Suizo"]
[Site "?"]
[Date "2016.02.06"]
[Round "?"]
[White "cbiancolillo"]
[Black "maperezi"]
[Result "1-0"]
[WhiteElo "1640"]
[BlackElo "1581"]
[PlyCount "69"]
[EventDate "2016.??.??"]

1. d4 d5 2. e3 e6 3. Nf3 Nf6 4. c4 dxc4 5. Bxc4 Nc6 6. O-O a6 7. a3 b5 8. Be2
Be7 9. Bd2 O-O 10. b4 Ne4 11. g3 Nxd2 12. Nbxd2 Bf6 13. Ne4 Bb7 14. Nxf6+ Qxf6
15. Bd3 g6 16. e4 Rfd8 17. e5 Qe7 18. Be4 f5 19. exf6 Qxf6 20. Qc1 e5 21. Qh6
exd4 22. Ng5 Rd7 23. Rad1 Re8 24. Rfe1 Rde7 25. Bd5+ Kh8 26. Rxe7 Rxe7 27. Nf7+
Kg8 28. Nd6+ Kh8 29. Nxb7 Ne5 30. Nd8 Ng4 31. Nf7+ Kg8 32. Ne5+ Kh8 33. Nxg6+
Qxg6 34. Qf8+ Qg8 35. Qxg8# 1-0

[Event "Suizo"]
[Site "?"]
[Date "2016.02.06"]
[Round "?"]
[White "nrapetti"]
[Black "jyanguas"]
[Result "1-0"]
[WhiteElo "1633"]
[BlackElo "1639"]
[PlyCount "127"]
[EventDate "2016.??.??"]

1. d4 d5 2. e3 Nc6 3. Nf3 Bf5 4. a3 e6 5. c4 Nf6 6. Nc3 dxc4 7. Bxc4 a6 8. O-O
b5 9. Bd3 Bd6 10. Bxf5 exf5 11. h3 O-O 12. Qc2 Ne7 13. b4 c6 14. Re1 Ng6 15.
Qxf5 Qc7 16. Ne4 Nxe4 17. Qxe4 Rae8 18. Qc2 Re6 19. e4 Qd7 20. e5 Be7 21. Be3
Nh4 22. Nxh4 Bxh4 23. Rad1 Rg6 24. g4 f5 25. f3 fxg4 26. fxg4 Bxe1 27. Rxe1 Qd5
28. Qg2 Qxg2+ 29. Kxg2 h5 30. Kg3 hxg4 31. hxg4 Re6 32. Rc1 Rc8 33. d5 cxd5 34.
Rxc8+ Kf7 35. Rc7+ Kg6 36. Bd4 Kh6 37. Kh4 g5+ 38. Kg3 Kg6 39. Rd7 Rf6 40. Rd6
Rxd6 41. exd6 Kf7 42. Be3 Ke6 43. Bxg5 d4 44. Bd2 Kxd6 45. Kf4 Kd5 46. Kf5 d3
47. g5 Kc4 48. g6 Kb3 49. g7 Kc2 50. Bf4 d2 51. Bxd2 Kb3 52. g8=Q+ Ka4 53. Qa8
Kb3 54. a4 Kc4 55. Qc6+ Kb3 56. Qc3+ Kxa4 57. Qa1+ Kb3 58. Qc3+ Ka4 59. Qd4 Kb3
60. Qc3+ Ka4 61. Qe5 Kb3 62. Qe3+ Ka4 63. Qe6 a5 64. Qa2# 1-0

[Event "Suizo"]
[Site "?"]
[Date "2016.02.06"]
[Round "?"]
[White "jmarin"]
[Black "smberczely"]
[Result "0-1"]
[WhiteElo "1699"]
[BlackElo "1744"]
[PlyCount "128"]
[EventDate "2016.??.??"]

1. e4 e5 2. Nf3 Nc6 3. Bb5 Nf6 4. Nc3 d6 5. d4 exd4 6. Nxd4 Bd7 7. Bxc6 bxc6 8.
O-O Be7 9. f4 O-O 10. a3 a6 11. Nf3 Re8 12. Qe1 Be6 13. Be3 h6 14. Nd4 Bd7 15.
Rd1 Rb8 16. b4 c5 17. Nf3 cxb4 18. Nd5 Nxe4 19. axb4 c6 20. Nxe7+ Qxe7 21. Rd3
d5 22. c3 Qd8 23. Qc1 a5 24. bxa5 Qxa5 25. Ne5 Qc7 26. Qa3 Bf5 27. Rd4 f6 28.
Nd3 Nxc3 29. Bd2 Nb5 30. Qc5 Nxd4 31. Qxd4 Re4 32. Qf2 Rbe8 33. Bb4 Re2 34. Qg3
Qb6+ 35. Bc5 Qb3 36. Nb4 Qxg3 37. hxg3 Re1 38. Nxc6 Rxf1+ 39. Kxf1 Re6 40. Ne7+
Rxe7 41. Bxe7 Kf7 42. Bc5 Ke6 43. Ke2 g5 44. Ke3 Be4 45. g4 Bxg2 46. f5+ Ke5
47. Bd4+ Kd6 48. Bxf6 Be4 49. Bg7 Kc5 50. Bxh6 Bb1 51. Bxg5 d4+ 52. Kd2 Kc4 53.
f6 Bg6 54. Bf4 Kd5 55. Ke2 Ke4 56. Bd2 d3+ 57. Kf2 Ke5 58. g5 Kf5 59. Kg3 Ke6
60. Kf4 Kd6 61. Ke3 Ke5 62. Bc3+ Kd5 63. Kf4 Ke6 64. Bb4 Kd5 0-1

[Event "Suizo"]
[Site "?"]
[Date "2016.02.06"]
[Round "?"]
[White "doviedo"]
[Black "ppabaram"]
[Result "1-0"]
[WhiteElo "1807"]
[BlackElo "1721"]
[PlyCount "63"]
[EventDate "2016.??.??"]

1. d4 d5 2. c4 Nf6 3. cxd5 Nxd5 4. e4 Nf6 5. Nc3 e6 6. Bg5 Be7 7. Nf3 Nc6 8.
Bb5 O-O 9. O-O a6 10. Ba4 b5 11. Bb3 Bb7 12. e5 Nd5 13. Nxd5 exd5 14. Bxe7 Nxe7
15. Qd3 Bc8 16. Ng5 Nf5 17. Nf3 c6 18. Rac1 Qb6 19. Bc2 c5 20. dxc5 Qxc5 21. g4
g6 22. gxf5 Bxf5 23. Qd2 Bxc2 24. Rxc2 Qe7 25. Qh6 Kh8 26. Ng5 f6 27. exf6 Rxf6
28. Re2 Qd7 29. Rfe1 Qg4+ 30. Kh1 Qh5 31. Re8+ Rxe8 32. Rxe8+ 1-0

[Event "Suizo"]
[Site "?"]
[Date "2016.02.06"]
[Round "?"]
[White "jmartinezga"]
[Black "lchaires"]
[Result "1-0"]
[WhiteElo "1787"]
[BlackElo "1535"]
[PlyCount "71"]
[EventDate "2016.??.??"]

1. e4 c6 2. d4 d5 3. e5 Bf5 4. Bd3 Bxd3 5. Qxd3 e6 6. Nf3 c5 7. c3 c4 8. Qe2 h6
9. O-O Ne7 10. b3 b5 11. Ba3 a5 12. Bd6 Nbc6 13. Nbd2 b4 14. cxb4 axb4 15. bxc4
Nf5 16. Bxf8 Rxf8 17. cxd5 exd5 18. Rfc1 Ncxd4 19. Nxd4 Nxd4 20. Qe3 Nf5 21.
Qf4 g6 22. Qxb4 Rb8 23. Qa4+ Ke7 24. Nf3 Rb6 25. Qa7+ Ke8 26. Rc5 f6 27. Re1
Re6 28. Qa4+ Qd7 29. Rc8+ Ke7 30. Qxd7+ Kxd7 31. Rxf8 fxe5 32. Rxe5 Rxe5 33.
Nxe5+ Ke6 34. Nxg6 d4 35. Nf4+ Kd6 36. Rxf5 1-0

[Event "Suizo"]
[Site "?"]
[Date "2016.02.06"]
[Round "?"]
[White "arodriguez"]
[Black "epenela"]
[Result "1-0"]
[WhiteElo "1865"]
[BlackElo "1554"]
[PlyCount "79"]
[EventDate "2016.??.??"]

1. d4 Nf6 2. c4 c5 3. d5 d6 4. Nc3 g6 5. e4 Bg7 6. Nf3 O-O 7. Be2 a6 8. O-O e6
9. Bg5 Qc7 10. Re1 exd5 11. exd5 Bg4 12. h3 Bxf3 13. Bxf3 Nbd7 14. Qb3 Rab8 15.
Re7 Rfe8 16. Rae1 Rxe7 17. Rxe7 Re8 18. Bxf6 Rxe7 19. Bxe7 Ne5 20. Bg5 Nxf3+
21. gxf3 h6 22. Bf4 Qd7 23. Kg2 h5 24. Ne4 Qf5 25. Bxd6 g5 26. Qe3 g4 27. fxg4
hxg4 28. hxg4 Qxg4+ 29. Bg3 Kh7 30. d6 f5 31. Ng5+ Kg6 32. Ne6 Bf6 33. Nf4+ Kf7
34. d7 Qd1 35. Qe6+ Kg7 36. Nd5 Bd8 37. Qxf5 Qe2 38. Be5+ Kg8 39. Qg6+ Kf8 40.
Qg7# 1-0

[Event "Suizo"]
[Site "?"]
[Date "2016.02.06"]
[Round "?"]
[White "lvanoclocha"]
[Black "oiglesias"]
[Result "1-0"]
[WhiteElo "1982"]
[BlackElo "1832"]
[PlyCount "91"]
[EventDate "2016.??.??"]

1. e4 c5 2. Nf3 e6 3. d4 cxd4 4. Nxd4 a6 5. Nc3 Be7 6. Be3 Nf6 7. f3 O-O 8. Bd3
Nc6 9. Nxc6 bxc6 10. O-O h6 11. Qd2 Qa5 12. Nd5 Qd8 13. Bb6 Bc5+ 14. Bxc5 cxd5
15. Bxf8 Qxf8 16. e5 Qc5+ 17. Kh1 Ne8 18. Qf2 Qc6 19. f4 d6 20. Qd4 dxe5 21.
fxe5 Rb8 22. b3 Rb7 23. Rac1 Rd7 24. c4 dxc4 25. Qxc4 Qxc4 26. Bxc4 Bb7 27.
Rfd1 Re7 28. Rd8 Kh7 29. Bd3+ g6 30. Rb8 Ng7 31. Kg1 Nf5 32. Kf2 Kg7 33. Be2
Nd4 34. Bf1 h5 35. Rd1 Nc2 36. Rdd8 Kh6 37. h4 g5 38. Rh8+ Kg6 39. Bd3+ f5 40.
exf6+ Kxf6 41. hxg5+ Kxg5 42. Bxc2 Rc7 43. Rbg8+ Kf4 44. Rf8+ Kg5 45. Rhg8+ Kh6
46. Rf6# 1-0

[Event "Suizo"]
[Site "?"]
[Date "2016.02.06"]
[Round "?"]
[White "cfalmariov"]
[Black "jcferrer"]
[Result "0-1"]
[WhiteElo "1490"]
[BlackElo "1612"]
[PlyCount "82"]
[EventDate "2016.??.??"]

1. d4 e6 2. e3 d5 3. Bd3 c5 4. c3 Qb6 5. Bd2 Nc6 6. a3 Qxb2 7. Nf3 cxd4 8. cxd4
Qxa1 9. Bc3 Qa2 10. O-O Bxa3 11. Nbd2 Bb4 12. Ba1 Qa5 13. h3 Nge7 14. g3 Nf5
15. g4 Nd6 16. Nb3 Qc7 17. Ng5 g6 18. Nc5 Bxc5 19. dxc5 Ne4 20. Nxe4 dxe4 21.
Bxh8 exd3 22. Qxd3 Bd7 23. Bd4 O-O-O 24. Qe4 e5 25. Bc3 Be6 26. f3 f5 27. Qa4
fxg4 28. hxg4 h5 29. Be1 hxg4 30. f4 Bf5 31. Bg3 Qe7 32. e4 Qxc5+ 33. Kg2 Qc2+
34. Rf2 Bxe4+ 35. Kh2 Qxa4 36. fxe5 Qd4 37. e6 Re8 38. Rf4 Rxe6 39. Rf8+ Nd8
40. Rf4 Qd2+ 41. Kg1 Qg2# 0-1

[Event "Suizo"]
[Site "?"]
[Date "2016.02.06"]
[Round "?"]
[White "jyanguas"]
[Black "maadan"]
[Result "1-0"]
[WhiteElo "1652"]
[BlackElo "1562"]
[PlyCount "119"]
[EventDate "2016.??.??"]

1. e4 e5 2. Nf3 f6 3. Bc4 Nh6 4. d4 d6 5. dxe5 fxe5 6. Bxh6 gxh6 7. Nc3 c6 8.
O-O b5 9. Bb3 b4 10. Ne2 c5 11. Qd2 Qe7 12. Qd5 Bb7 13. Ba4+ Kd8 14. Qd3 Ba6
15. Qd2 h5 16. Rad1 Rg8 17. Ng3 h4 18. Nf5 Qf6 19. N3xh4 Bxf1 20. Kxf1 Nc6 21.
Bxc6 Rc8 22. Ba4 Rg4 23. Nxd6 Bxd6 24. Qxd6+ Qxd6 25. Rxd6+ Ke7 26. Nf5+ Kf8
27. f3 Rg6 28. Rxg6 hxg6 29. Nd6 Rd8 30. Nc4 Rd1+ 31. Ke2 Ra1 32. Bb3 Rh1 33.
h3 Rh2 34. Kf2 Rh1 35. Nxe5 Kg7 36. Bc4 Rd1 37. Ke2 Rd8 38. Bd5 a5 39. b3 Re8
40. Nc4 Rc8 41. Nxa5 Rd8 42. Nb7 Rd7 43. Nxc5 Ra7 44. Na4 Rc7 45. Kd3 Kf6 46.
c4 Ke5 47. Ke3 g5 48. g4 Rh7 49. Nb2 Rxh3 50. Nd3+ Kf6 51. Nxb4 Rh1 52. a4 Re1+
53. Kf2 Rb1 54. c5 Rb2+ 55. Ke3 Rb1 56. a5 Re1+ 57. Kf2 Ra1 58. a6 Ke7 59. Nc6+
Kd7 60. a7 1-0

[Event "Suizo"]
[Site "?"]
[Date "2016.02.06"]
[Round "?"]
[White "smberczely"]
[Black "wvelandia"]
[Result "1-0"]
[WhiteElo "1733"]
[BlackElo "1572"]
[PlyCount "51"]
[EventDate "2016.??.??"]

1. d4 d5 2. e4 dxe4 3. Nc3 Nf6 4. f3 exf3 5. Qxf3 Qxd4 6. Be3 Qd8 7. Bd3 e5 8.
h3 Bb4 9. O-O-O O-O 10. Bd2 Nc6 11. Nge2 Re8 12. Ne4 Bxd2+ 13. Rxd2 Nd4 14.
Nxd4 Nxe4 15. Qxe4 exd4 16. Qxh7+ Kf8 17. Qh8+ Ke7 18. Re1+ Kd6 19. Rxe8 Qd7
20. Rd8 Qxd8 21. Qxd8+ Kc6 22. Be4+ Kb6 23. Rxd4 a5 24. Rc4 Ka6 25. Qxc7 Be6
26. Qxb7# 1-0

[Event "Suizo"]
[Site "?"]
[Date "2016.02.06"]
[Round "?"]
[White "maperezi"]
[Black "jmarin"]
[Result "0-1"]
[WhiteElo "1591"]
[BlackElo "1709"]
[PlyCount "72"]
[EventDate "2016.??.??"]

1. e4 Nc6 2. Nf3 d6 3. d4 Bg4 4. d5 Ne5 5. Nc3 Bxf3 6. gxf3 e6 7. f4 Nd7 8. Bh3
e5 9. fxe5 Nxe5 10. Bf4 Nf6 11. Bxe5 dxe5 12. Qd3 a6 13. O-O-O Bd6 14. Rhg1 Rg8
15. Bf5 g6 16. Bh3 Nh5 17. Bg4 Nf4 18. Qd2 Qh4 19. Be2 Qxf2 20. Bc4 Qc5 21. Bd3
O-O-O 22. Ne2 g5 23. a3 f6 24. h4 h6 25. h5 Nxh5 26. Ng3 Nf4 27. Nf5 h5 28.
Nxd6+ Qxd6 29. Be2 h4 30. Bg4+ Kb8 31. Kb1 Rh8 32. Rh1 Qb6 33. b4 Rd6 34. c4 c5
35. dxc6 Rxd2 36. Rxd2 Qxc6 0-1

[Event "Suizo"]
[Site "?"]
[Date "2016.02.06"]
[Round "?"]
[White "epenela"]
[Black "nrapetti"]
[Result "1-0"]
[WhiteElo "1557"]
[BlackElo "1620"]
[PlyCount "77"]
[EventDate "2016.??.??"]

1. e4 e5 2. Nc3 Nc6 3. Nf3 d6 4. h3 Nf6 5. g3 h6 6. Bg2 Be7 7. O-O O-O 8. d3 a6
9. Ne2 Be6 10. c3 Rc8 11. g4 Re8 12. Ng3 g6 13. Bxh6 Bf8 14. Be3 Bg7 15. Qd2
Qd7 16. Rad1 Ne7 17. d4 exd4 18. cxd4 Bc4 19. Rfe1 Rcd8 20. b3 Bb5 21. a4 Bxa4
22. bxa4 Qxa4 23. Bh6 Qd7 24. Bxg7 Kxg7 25. Qf4 Nc6 26. Qg5 Nh7 27. Qf4 d5 28.
exd5 Rxe1+ 29. Rxe1 Qxd5 30. Ne5 Qe6 31. d5 Rxd5 32. Bxd5 Qxd5 33. Nxc6 Qxc6
34. Qe5+ Kg8 35. g5 Nf8 36. Ne4 Ne6 37. Nf6+ Kf8 38. Nd5 Qd7 39. Qh8# 1-0

[Event "Suizo"]
[Site "?"]
[Date "2016.02.06"]
[Round "?"]
[White "lchaires"]
[Black "cbiancolillo"]
[Result "1-0"]
[WhiteElo "1539"]
[BlackElo "1632"]
[PlyCount "127"]
[EventDate "2016.??.??"]

1. e4 e5 2. Nf3 d6 3. h3 Nf6 4. d3 g6 5. Bg5 Bg7 6. Nc3 O-O 7. Qd2 c6 8. d4 Be6
9. d5 cxd5 10. exd5 Bf5 11. Bc4 Nbd7 12. O-O Nc5 13. g4 Be4 14. Nxe4 Ncxe4 15.
Qe3 Nxg5 16. Nxg5 Bh6 17. h4 Nxg4 18. Qe2 Bxg5 19. Qxg4 Bxh4 20. Bd3 f5 21. Qh3
Qg5+ 22. Kh1 e4 23. Rg1 Qf4 24. Be2 Bxf2 25. Raf1 Qe3 26. Qxe3 Bxe3 27. Rg3 Bd2
28. c3 Rac8 29. Rd1 Bf4 30. Rh3 b5 31. Kg2 a5 32. Rdh1 h5 33. Bxb5 Rc5 34. c4
e3 35. Kf3 Bg5 36. Ke2 Rf7 37. a3 Re7 38. b4 axb4 39. axb4 Rcc7 40. Ra1 Re4 41.
Ra8+ Kg7 42. Rd8 Rd4 43. Rxd6 Rd2+ 44. Ke1 e2 45. c5 Rd1+ 46. Kxe2 Re7+ 47.
Kxd1 Ra7 48. Ra6 Re7 49. d6 Re4 50. Ra7+ Kf6 51. Ra4 Rd4+ 52. Kc2 f4 53. Bd3 f3
54. Rxf3+ Ke5 55. Bxg6 Rc4+ 56. Kb3 Kd4 57. Rd3+ Ke5 58. Kxc4 Bf6 59. Bxh5 Kf5
60. Re3 Ba1 61. Kd5 Be5 62. Rf3+ Bf4 63. d7 Kg5 64. Be8 1-0

[Event "Suizo"]
[Site "?"]
[Date "2016.02.06"]
[Round "?"]
[White "ppabaram"]
[Black "oiglesias"]
[Result "0-1"]
[WhiteElo "1731"]
[BlackElo "1839"]
[PlyCount "131"]
[EventDate "2016.??.??"]

1. e4 e6 2. d4 d5 3. e5 Be7 4. Nf3 Nd7 5. Nc3 a6 6. Bd3 c5 7. Be3 cxd4 8. Bxd4
Nb8 9. O-O Nc6 10. Be3 Qc7 11. Bf4 h6 12. Ne2 Bc5 13. Ng3 Nge7 14. Qe2 Nd4 15.
Nxd4 Bxd4 16. c3 Ba7 17. Rac1 b5 18. b3 Bd7 19. c4 bxc4 20. bxc4 d4 21. Qe4 Bc6
22. Qe2 g6 23. Ne4 Bxe4 24. Qxe4 Rd8 25. c5 Nf5 26. Bxa6 g5 27. Bg3 O-O 28. Bd3
Bxc5 29. h4 Qa7 30. Rxc5 Qxc5 31. hxg5 hxg5 32. Qg4 Qe7 33. Bh4 Nxh4 34. Qh5
Ng6 35. Bxg6 fxg6 36. Qxg6+ Qg7 37. Qxe6+ Rf7 38. a4 Kh7 39. a5 Rdd7 40. Qh3+
Qh6 41. Qxh6+ Kxh6 42. e6 Ra7 43. exf7 Rxf7 44. Ra1 Ra7 45. Kf1 Kg6 46. Ke2 Kf5
47. f3 Ra6 48. Kd3 Ke5 49. Kc4 Kf4 50. Kb5 Ra8 51. a6 Ke3 52. a7 d3 53. Kb6 d2
54. Kb7 Rd8 55. Rd1 Ke2 56. Rxd2+ Kxd2 57. a8=Q Rxa8 58. Kxa8 Ke3 59. Kb7 Kf2
60. Kc6 Kxg2 61. Kd5 Kxf3 62. Ke5 g4 63. Kd4 Kf2 64. Ke4 g3 65. Kf4 g2 66. Ke4
0-1

[Event "Suizo"]
[Site "?"]
[Date "2016.02.06"]
[Round "?"]
[White "jmartinezga"]
[Black "arodriguez"]
[Result "1/2-1/2"]
[WhiteElo "1783"]
[BlackElo "1862"]
[PlyCount "140"]
[EventDate "2016.??.??"]

1. e4 c5 2. Nf3 d6 3. c3 Nf6 4. h3 Nc6 5. Bd3 g5 6. Bc2 g4 7. hxg4 Bxg4 8. d4
Qb6 9. a3 O-O-O 10. b4 cxd4 11. cxd4 Bxf3 12. Qxf3 Qxd4 13. Qc3 Qxc3+ 14. Nxc3
Bg7 15. Bb2 Ng4 16. Rh4 Nge5 17. O-O-O Nc4 18. Rdh1 h6 19. Bb3 Nxa3 20. Bxa3
Bxc3 21. R4h3 Bxb4 22. Bxb4 Nxb4 23. Rc3+ Nc6 24. Bd5 e6 25. Bxc6 bxc6 26.
Rxc6+ Kd7 27. Ra6 Rc8+ 28. Kd2 Rc7 29. Rha1 Rg8 30. g3 Ra8 31. Kd3 Ke7 32. Rh1
Rh8 33. g4 Rb7 34. g5 h5 35. f4 Kd7 36. Ra2 Kc6 37. Rah2 Rb3+ 38. Kc4 Ra3 39.
Rxh5 Rxh5 40. Rxh5 Ra4+ 41. Kd3 Kd7 42. Rh7 Ke8 43. f5 e5 44. g6 Ra3+ 45. Kc4
fxg6 46. fxg6 Rg3 47. g7 a5 48. Rh8+ Kf7 49. Ra8 Kxg7 50. Rxa5 Rg4 51. Kd5 Kf6
52. Ra6 Ke7 53. Ra7+ Kf6 54. Rd7 Rg1 55. Rxd6+ Kf7 56. Kxe5 Ke7 57. Re6+ Kd8
58. Kf6 Rf1+ 59. Kg7 Kd7 60. Rg6 Ke7 61. e5 Re1 62. Rg5 Ke6 63. Rg6+ Kxe5 64.
Rg5+ Ke6 65. Rg6+ Ke7 66. Kg8 Rf1 67. Rg7+ Ke8 68. Kh8 Kf8 69. Rg8+ Kf7 70.
Rg7+ Kf8 1/2-1/2

[Event "Suizo"]
[Site "?"]
[Date "2016.02.06"]
[Round "?"]
[White "doviedo"]
[Black "lvanoclocha"]
[Result "0-1"]
[WhiteElo "1799"]
[BlackElo "1975"]
[PlyCount "64"]
[EventDate "2016.??.??"]

1. Nf3 Nf6 2. d4 g6 3. c4 Bg7 4. Nc3 d6 5. e4 O-O 6. Be2 e5 7. dxe5 dxe5 8.
Qxd8 Rxd8 9. Bg5 Re8 10. O-O c6 11. Rad1 Na6 12. Nxe5 Rxe5 13. Rd8+ Ne8 14. f4
Re6 15. Bg4 Nac7 16. Bxe6 Bxe6 17. Rxa8 Nxa8 18. e5 Bxc4 19. Rd1 Nac7 20. Rd8
h6 21. Be7 Bf8 22. Bd6 Nxd6 23. exd6 Ne6 24. Rb8 Kg7 25. d7 Be7 26. Rxb7 Bc5+
27. Kh1 Kf8 28. Ne4 Bb6 29. b3 Bd5 30. Nd6 Nxf4 31. Rxb6 Ke7 32. Nc4 axb6 0-1

[Event "Suizo"]
[Site "?"]
[Date "2016.02.06"]
[Round "?"]
[White "wvelandia"]
[Black "cfalmariov"]
[Result "1-0"]
[WhiteElo "1579"]
[BlackElo "1499"]
[PlyCount "103"]
[EventDate "2016.??.??"]

1. Nc3 d5 2. d4 e6 3. Bf4 h6 4. Nf3 g5 5. Be5 Bd6 6. Bxd6 Qxd6 7. Nb5 Qb6 8. e3
c6 9. Nd6+ Kd8 10. b3 Qa5+ 11. Nd2 Bd7 12. Nxf7+ Ke8 13. Nxh8 Qb4 14. Qh5+ Kd8
15. Qf7 Ne7 16. Bd3 Qc3 17. Qf8+ Kc7 18. O-O Nf5 19. Nf3 b5 20. Ne5 c5 21. Qf7
cxd4 22. Qxd7+ Nxd7 23. Nxd7 Kxd7 24. Ng6 dxe3 25. fxe3 Nxe3 26. Rfe1 Nxc2 27.
Bxb5+ Kd6 28. Rac1 Qc5+ 29. Kh1 Rg8 30. Bd3 Qf2 31. Re2 Qc5 32. Rexc2 Qb6 33.
Rc6+ Qxc6 34. Rxc6+ Kxc6 35. Ne7+ Kd6 36. Nxg8 h5 37. g3 g4 38. Kg2 e5 39. Nf6
e4 40. Bc2 Ke5 41. Nxh5 a6 42. Nf4 e3 43. h3 d4 44. hxg4 a5 45. g5 a4 46. g6
axb3 47. axb3 Kd6 48. g7 Kc5 49. g8=Q Kb4 50. Qc4+ Ka3 51. b4 e2 52. Qb3# 1-0

[Event "Suizo"]
[Site "?"]
[Date "2016.02.06"]
[Round "?"]
[White "jcferrer"]
[Black "maperezi"]
[Result "0-1"]
[WhiteElo "1605"]
[BlackElo "1599"]
[PlyCount "81"]
[EventDate "2016.??.??"]

1. e4 e5 2. Nf3 Nc6 3. Bb5 Nf6 4. d3 d6 5. c3 a6 6. Ba4 b5 7. Bb3 Bg4 8. O-O
Bxf3 9. Qxf3 Be7 10. Re1 O-O 11. Nd2 h6 12. Nf1 Nb8 13. Ng3 Nbd7 14. Nf5 Nc5
15. Bc2 d5 16. Qg3 g5 17. Nxh6+ Kh7 18. Bxg5 Ng8 19. Bxe7 Qxe7 20. Nf5 Qf6 21.
Qh3+ Kg6 22. Re3 dxe4 23. Rg3+ Qg5 24. Nh4+ Kf6 25. Rxg5 Kxg5 26. Qg3+ Kf6 27.
dxe4 Ne7 28. Rd1 Rg8 29. Qf3+ Ke6 30. Qh3+ Kf6 31. b4 Ne6 32. Nf5 Nxf5 33.
Qxf5+ Ke7 34. Bb3 Ng7 35. Qxe5+ Kf8 36. Qe7+ Kxe7 37. h3 Rgd8 38. Re1 Kf8 39.
f4 Rd2 40. e5 a5 41. Bd5 0-1

[Event "Suizo"]
[Site "?"]
[Date "2016.02.06"]
[Round "?"]
[White "maadan"]
[Black "lchaires"]
[Result "0-1"]
[WhiteElo "1571"]
[BlackElo "1523"]
[PlyCount "24"]
[EventDate "2016.??.??"]

1. e4 c6 2. Bc4 d5 3. exd5 cxd5 4. Bb3 Nf6 5. c4 e6 6. cxd5 Nxd5 7. Ba4+ Nc6 8.
Bxc6+ bxc6 9. Nc3 Bc5 10. Nxd5 Qxd5 11. Ne2 Qxg2 12. Rg1 Bxf2# 0-1

[Event "Suizo"]
[Site "?"]
[Date "2016.02.06"]
[Round "?"]
[White "jyanguas"]
[Black "smberczely"]
[Result "1/2-1/2"]
[WhiteElo "1642"]
[BlackElo "1726"]
[PlyCount "154"]
[EventDate "2016.??.??"]

1. e4 c5 2. Nf3 Nc6 3. d4 cxd4 4. Nxd4 d6 5. Bb5 Bd7 6. Bxc6 bxc6 7. c4 g6 8.
Nc3 Bg7 9. Nf3 Nf6 10. O-O O-O 11. Bf4 Ne8 12. Qd2 Qa5 13. Bh6 Be6 14. Bxg7
Kxg7 15. b3 Nc7 16. Ne2 Qxd2 17. Nxd2 Rad8 18. Nf4 Bc8 19. a4 Ne6 20. Nxe6+
Bxe6 21. Nf3 Bg4 22. Nd4 Rc8 23. f3 Bd7 24. Rfd1 a6 25. b4 Rb8 26. Rdb1 e5 27.
Nc2 Be6 28. c5 d5 29. Kf2 dxe4 30. fxe4 f5 31. exf5 Bxf5 32. Ke2 Bxc2 33. Rc1
Bf5 34. Ra2 Rxb4 35. h3 a5 36. Ke3 Re4+ 37. Kf3 Rf4+ 38. Kg3 Be6 39. Rd2 Bd5
40. Re2 Re4 41. Rxe4 Bxe4 42. Re1 Rf4 43. Kh2 Bd5 44. g3 Rxa4 45. h4 e4 46. Kg1
Rc4 47. Kf2 Kf6 48. Ke3 Rxc5 49. g4 Rc4 50. Kf4 a4 51. g5+ Ke6 52. Ke3 a3 53.
Ra1 Ra4 54. Kd2 a2 55. Kc3 e3 56. Kd3 e2 57. Kxe2 Rb4 58. Kd2 Rb1 59. Rxa2 Bxa2
60. Kc2 Rb8 61. Kc3 Bd5 62. Kd4 Kf5 63. Ke3 Kg4 64. Kd4 Kxh4 65. Ke5 Kxg5 66.
Kd4 h5 67. Ke5 h4 68. Kd4 h3 69. Ke3 h2 70. Kd4 h1=Q 71. Kc5 Qc1+ 72. Kd6 Bh1
73. Ke5 Qe3+ 74. Kd6 Qd4+ 75. Kc7 Qb6+ 76. Kd6 c5+ 77. Ke5 c4 1/2-1/2

[Event "Suizo"]
[Site "?"]
[Date "2016.02.06"]
[Round "?"]
[White "nrapetti"]
[Black "ppabaram"]
[Result "0-1"]
[WhiteElo "1635"]
[BlackElo "1740"]
[PlyCount "90"]
[EventDate "2016.??.??"]

1. d4 Nf6 2. c4 e6 3. e3 Bb4+ 4. Bd2 Nc6 5. a3 Be7 6. Nf3 O-O 7. Be2 Ne4 8. Nc3
Nxd2 9. Qxd2 d6 10. O-O e5 11. dxe5 dxe5 12. Rad1 Qxd2 13. Nxd2 Bf5 14. Nf3
Rad8 15. Rxd8 Rxd8 16. Rd1 a6 17. h3 Rxd1+ 18. Nxd1 Bf6 19. Nc3 e4 20. Nd2 Bxc3
21. bxc3 Ne5 22. f3 exf3 23. Nxf3 Nd7 24. Nd4 Be4 25. Kf2 Nc5 26. Bf3 Bd3 27.
Be2 Ne4+ 28. Kf3 Nd2+ 29. Kf2 Bxe2 30. Kxe2 Nxc4 31. Nc2 Kf8 32. Kd3 b5 33. g4
Ke7 34. Kd4 Kd6 35. a4 c5+ 36. Ke4 bxa4 37. Kd3 Ne5+ 38. Ke2 Kd5 39. Na3 Ke4
40. Nc2 Nf3 41. Kf2 Kd3 42. Kxf3 Kxc2 43. Ke2 Kxc3 44. Kd1 a3 45. Kc1 a2 0-1

[Event "Suizo"]
[Site "?"]
[Date "2016.02.06"]
[Round "?"]
[White "cbiancolillo"]
[Black "jmartinezga"]
[Result "0-1"]
[WhiteElo "1645"]
[BlackElo "1781"]
[PlyCount "110"]
[EventDate "2016.??.??"]

1. d3 e5 2. g3 d5 3. e3 Nf6 4. Bg2 c6 5. c4 Bb4+ 6. Nc3 dxc4 7. dxc4 Bxc3+ 8.
bxc3 Qxd1+ 9. Kxd1 O-O 10. Nf3 Re8 11. Ke2 Be6 12. c5 Bc4+ 13. Kd2 Nbd7 14. Re1
Nxc5 15. Ba3 Nce4+ 16. Kc2 Rad8 17. Nd4 exd4 18. cxd4 Nxf2 19. Rab1 Ba6 20. Bf1
Bxf1 21. Rxf1 N2e4 22. Rf4 Nd6 23. Rbf1 Rxe3 24. Kd2 Rxa3 25. g4 Rxa2+ 26. Kd3
Ra3+ 27. Kc2 Nc4 28. g5 Ne3+ 29. Kb2 Nxf1 30. Kxa3 Nd5 31. Rxf1 g6 32. h4 Ne3
33. Rb1 b6 34. Re1 Nf5 35. Ka4 Rxd4+ 36. Kb3 Rxh4 37. Re8+ Kg7 38. Rc8 c5 39.
Ra8 Nd4+ 40. Kc4 a5 41. Kd5 Rg4 42. Ra6 Rxg5+ 43. Kc4 b5+ 44. Kd3 Rg3+ 45. Ke4
a4 46. Ke5 a3 47. Kf4 Rf3+ 48. Kg5 Rf5+ 49. Kg4 h5+ 50. Kh4 Nf3+ 51. Kg3 h4+
52. Kg4 Kh6 53. Rxa3 Ne5+ 54. Kxh4 Rf3 55. Ra5 g5# 0-1

[Event "Suizo"]
[Site "?"]
[Date "2016.02.06"]
[Round "?"]
[White "oiglesias"]
[Black "epenela"]
[Result "1-0"]
[WhiteElo "1831"]
[BlackElo "1542"]
[PlyCount "95"]
[EventDate "2016.??.??"]

1. c4 Nf6 2. Nc3 g6 3. e4 d6 4. Be2 Bg7 5. d3 O-O 6. h4 h5 7. Bd2 Nc6 8. a3 Nd4
9. Nf3 Nxe2 10. Qxe2 c6 11. Nh2 e5 12. f3 d5 13. cxd5 cxd5 14. Bg5 d4 15. Nd5
Qd6 16. Nxf6+ Bxf6 17. Bxf6 Qxf6 18. O-O-O Bd7 19. Kb1 Qb6 20. g4 Qb3 21. Qc2
Qxc2+ 22. Kxc2 Ba4+ 23. b3 Rfc8+ 24. Kb2 Bd7 25. gxh5 gxh5 26. Rhg1+ Kf8 27.
Rg5 Rc3 28. Rxe5 Rac8 29. Rd2 Be6 30. Rb5 b6 31. f4 R8c6 32. f5 Bc8 33. Rd5 Rc1
34. Rxd4 Rh1 35. Rc4 Rxc4 36. bxc4 Ke7 37. Kc3 Kf6 38. Kd4 Bd7 39. Rf2 Ra1 40.
e5+ Ke7 41. Nf3 Rxa3 42. Ng5 b5 43. f6+ Ke8 44. Ne4 b4 45. Nc5 b3 46. Rb2 Ra2
47. Rxb3 Bg4 48. Rb8+ 1-0

[Event "Suizo"]
[Site "?"]
[Date "2016.02.06"]
[Round "?"]
[White "jmarin"]
[Black "doviedo"]
[Result "0-1"]
[WhiteElo "1701"]
[BlackElo "1804"]
[PlyCount "75"]
[EventDate "2016.??.??"]

1. e4 c5 2. Nf3 Nc6 3. d3 e6 4. Be3 d5 5. exd5 exd5 6. Qe2 Be6 7. Ng5 Nf6 8.
Nxe6 fxe6 9. Bg5 Nd4 10. Qd2 h6 11. Bh4 Be7 12. c3 Nc6 13. Bg3 O-O 14. Be2 e5
15. O-O e4 16. d4 cxd4 17. cxd4 Qb6 18. Be5 Nxe5 19. dxe5 Nd7 20. Qxd5+ Kh8 21.
Qxd7 Rxf2 22. Rxf2 Rf8 23. Qd1 Rxf2 24. Kh1 Qxb2 25. Nd2 Rxe2 26. Qxe2 Qxa1+
27. Nf1 Qxe5 28. g3 a6 29. Ne3 Bc5 30. Nc4 Qd4 31. Kg2 b5 32. Nd2 e3 33. Nf1
Qe4+ 34. Kh3 g5 35. Qh5 g4+ 36. Qxg4 Qxg4+ 37. Kxg4 e2 38. Nd2 0-1